| Tag |
First Indicator |
Second Indicator |
Subfields |
| LEADER |
00000cam a2200000 4500 |
| 001 |
in00000033655 |
| 005 |
20151007061917.0 |
| 008 |
731003s1946 nyu 00011 eng u |
| 010 |
|
|
|a 46006952
|
| 035 |
|
|
|a (OCoLC)00708771
|
| 035 |
|
|
|9 AAD3442AM
|
| 040 |
|
|
|c FAU
|d TXA
|d UtOrBLW
|
| 049 |
|
|
|a TXAM
|c [137777]
|
| 050 |
|
0 |
|a PS3513.A413
|b C6
|
| 092 |
|
|
|a 813
|b G168c
|
| 100 |
1 |
|
|a Gallico, Paul,
|d 1897-1976.
|
| 245 |
1 |
0 |
|a Confessions of a story writer /
|c [by] Paul Gallico.
|
| 264 |
|
1 |
|a New York :
|b A. A. Knopf,
|c 1946.
|
| 300 |
|
|
|a x, 576p., 1 . ;
|c 22cm.
|
| 336 |
|
|
|a text
|b txt
|2 rdacontent
|
| 337 |
|
|
|a unmediated
|b n
|2 rdamedia
|
| 338 |
|
|
|a volume
|b nc
|2 rdacarrier
|
| 500 |
|
|
|a "First edition."
|
| 999 |
|
|
|a MARS
|
| 999 |
f |
f |
|s 7f8a1280-db06-3c88-a4f6-59cdb5f0d870
|i ff85876a-6abe-3dbb-abeb-b8646d6ce66b
|t 0
|
| 952 |
f |
f |
|p ric
|a Texas A&M University
|b Rellis Campus
|c Joint Library Facility
|d Remote Storage
|t 0
|e PS3513.A413 C6
|h Library of Congress classification
|i unmediated -- volume
|m A14801237990
|
| 998 |
f |
f |
|a PS3513.A413 C6
|t 0
|l Remote Storage
|